| 000 | 00443nam a22001817a 4500 | ||
|---|---|---|---|
| 003 | CEME | ||
| 005 | 20210628203647.0 | ||
| 008 | 210318b xxu||||| |||| 00| 0 eng d | ||
| 020 | _a0-471-30413-1 | ||
| 040 | _c. | ||
| 082 | _a005.3 MAR'W | ||
| 100 |
_aMarmel, Elaine J _966738 |
||
| 245 | _aWord for windows 6.0 solutions | ||
| 260 |
_aNEWYORK _bJOHN WILEY _c1997 |
||
| 300 | _a484P | ||
| 650 |
_a ACC NO-28803 _966739 |
||
| 942 |
_cBK _2ddc |
||
| 999 |
_c574652 _d574652 |
||